Départements Limitrophes de La Sarthe - Statistiques

Statistiques générales
  • Ce quiz a été pris 85 fois
  • Le résultat moyen est 5 sur 6
Statistiques - réponses
Départements % Correct
Mayenne
100%
Maine-et-Loire
99%
Orne
93%
Indre-et-Loire
85%
Eure-et-Loir
84%
Loir-et-Cher
78%
Aucun quiz correspondant
Distribution des résultats
% des personnes avec chaque résultat
Percentile par nombre de réponses
Votre historique - résultats
Vous n’avez pas pris ce quiz